000 00479nam a2200181Ia 4500
005 20250508153340.0
008 008 250505s9999 xx 000 0 ger d
037 _aBooks to be hide in OPAC
040 _aFEDL
_beng
_cFEDL
041 _ager
_2eng
084 _a370.1
_qFEDL
100 _aZiller T
_9763740
245 0 _aJahrbuch des Vereins fur wissenschaftliche padagogik
260 _c1909
300 _a347p.
942 _cHB
_h370.1
999 _c1342192
_d1342192